Văn hóa Việt Nam đặc trưng và cách tiếp cận
Enregistré dans:
| Format: | Livre |
|---|---|
| Publié: |
2003
|
| Tags: |
Ajouter un tag
Pas de tags, Soyez le premier à ajouter un tag!
|
| Thư viện lưu trữ: | Mạng thư viện Đại học Đà Nẵng |
|---|
| LEADER | 00470nam a22001811a 4500 | ||
|---|---|---|---|
| 001 | 000039187 | ||
| 003 | 15482 | ||
| 005 | 20160412021929.0 | ||
| 008 | 160412s2003 000 | ||
| 082 | |a 4V(TK)815-16 | ||
| 245 | |a Văn hóa Việt Nam đặc trưng và cách tiếp cận |c Lê Ngọc Trà | ||
| 260 | |c 2003 | ||
| OWN | |a LNN | ||
| 999 | |a From the UDN01 | ||
| TYP | |a Monograph | ||
| 980 | |a Mạng thư viện Đại học Đà Nẵng | ||